Coppélia A moszkvai balett bemutatója /

Elmentve itt :
Bibliográfiai részletek
Szerző: Tandi Lajos
Dokumentumtípus: Cikk
Megjelent: 1978-08-18
Sorozat:Délmagyarország 68 No. 194
Kulcsszavak:Szabadtéri Játékok
Online Access:http://dmarchiv.bibl.u-szeged.hu/123108
LEADER 00465nab a2200157 i 4500
001 delm123108
005 20190516134936.0
008 190516s1978 hu o 0|| hun d
040 |a SZTE Délmagyarország Archívum  |b hun 
041 |a hun 
100 1 |a Tandi Lajos 
245 1 0 |a Coppélia   |h [elektronikus dokumentum] :  |b A moszkvai balett bemutatója /  |c  Tandi Lajos 
260 |c 1978-08-18 
300 |a 5 
490 0 |a Délmagyarország  |v 68 No. 194 
695 |a Szabadtéri Játékok